Countries of Europe - Upside Down - Statistics

General Stats
  • This quiz has been taken 25 times
  • The average score is 43 of 45
Answers on the Map
Answers color-coded by a green-red scale on the quiz's map according to % correct below.
 
Answer Stats
Country % Correct
Andorra
100%
Belgium
100%
Finland
100%
France
100%
Germany
100%
Greece
100%
Iceland
100%
Ireland
100%
Italy
100%
Norway
100%
Poland
100%
Portugal
100%
Romania
100%
Russia
100%
Spain
100%
Sweden
100%
Ukraine
100%
United Kingdom
100%
Vatican City
100%
Albania
96%
Austria
96%
Belarus
96%
Czech Republic
96%
Denmark
96%
Hungary
96%
Liechtenstein
96%
Lithuania
96%
Monaco
96%
Netherlands
96%
Switzerland
96%
Croatia
91%
Latvia
91%
Luxembourg
91%
North Macedonia
91%
Serbia
91%
Slovakia
91%
Slovenia
91%
Bosnia and Herzegovina
87%
Estonia
87%
Kosovo
87%
Malta
87%
Moldova
87%
Montenegro
87%
San Marino
87%
Bulgaria
83%
No matching quizzes found
Score Distribution
Percent of People with Each Score
Percentile by Number Answered
Your Score History
You have not taken this quiz